| 000 | 00373nam a2200133Ia 4500 | ||
|---|---|---|---|
| 008 | 220217s9999||||xx |||||||||||||| ||und|| | ||
| 020 | _a9780070634360 | ||
| 082 | _a620.1 CRO | ||
| 100 | _aCrouse, William, H and Anglin, Donald, L | ||
| 245 | 0 | _aAutomative Mechanics | |
| 260 |
_aTata Mc-Graw hill _bNew Delhi _c2007 |
||
| 300 |
_axi,820p _b615 |
||
| 650 | _aMECHANICS | ||
| 999 |
_c184381 _d184381 |
||